000
00447nam a22001097a 4500
082
_a
370
100
_a
सिंह, इंजी.अवनीश कुमार
_9
83912
245
_a
नए भारत की नींव राष्ट्रीय शिक्षा नीति-2020
260
_a
दिल्ली
_b
दिल्ली प्रभात प्रकाशन
_c
2025
650
_a
शिक्षा
942
_c
BK
999
_c
68919
_d
68919